Guess These Horribly Drawn Flags #1 - Statistics

General Stats
  • This quiz has been taken 204 times
  • The average score is 23 of 28
Answer Stats
Picture Answer % Correct
Italy
99%
Canada
98%
Spain
98%
United States
93%
Greece
91%
United Kingdom
91%
Egypt
89%
North Korea
89%
Qatar
88%
Singapore
88%
Cambodia
87%
Latvia
86%
Moldova
86%
Slovenia
85%
Venezuela
84%
Haiti
83%
Ghana
82%
El Salvador
79%
Jordan
79%
Kyrgyzstan
79%
Lithuania
79%
Tuvalu
77%
Guyana
75%
Kiribati
74%
Grenada
73%
Tajikistan
72%
Vanuatu
66%
Solomon Islands
63%
No matching quizzes found
Score Distribution
Percent of People with Each Score
Percentile by Number Answered
Your Score History
You have not taken this quiz